Vyberte si svoj daňový raj

Bibliographic Details
Main Author: Burák, Emil, 1963- (Author)
Format: Article
Language:Slovak
Subjects:

MARC

LEADER 00000nab a2200000 a 4500
001 vtls000647604
003 SK-MaSNL
005 20260304204410.0
008 250425c1997 xo 0 slo
015 |a SNBRB19rr/mm-uuuuu 
035 |a CL0647743 
035 |a urn:nbn:sk:snk-ab76k6 
035 |a (uuid)2eb8e12f-08ce-468f-8e3b-7c6771c56f7c 
035 |a (urnnbn)urn:nbn:sk:snk:ar-a071t6 
035 |a (sysno)vtls000647604 
040 |a SNKBUCL  |b slo  |c SNKBUCL  |e AACR2 
041 0 |a slo 
044 |a xo  |c SK 
080 |a 336.2.027.7/.8  |2 1981 
100 1 |a Burák, Emil,  |d 1963-  |4 aut  |9 231617 
245 1 0 |a Vyberte si svoj daňový raj  |c Emil Burák 
650 0 7 |a dane  |2 snkbucl  |9 2123 
650 0 7 |a daňové raje  |2 snkbucl  |9 247456 
655 7 |a články z novín a časopisov  |2 snkbucl  |9 267496 
773 0 |t Mzdy a financie  |g Roč. 5, č. 22 (1997), s. 28-36 
850 |a Slovenská národná knižnica 
852 |a Slovenská národná knižnica 
954 |a odborná, vedecká literatúra pôvodná (slovenská)  |2 lita 
958 |a article27 
958 |a RK 
958 |a OND 
958 |a EUIPO 
999 |c 3115821  |d 3117751